书目信息 |
| 题名: |
建筑历史与理论 5
|
|
| 作者: | 杨鸿勋 , 刘托 主编 | |
| 分册: | ||
| 出版信息: | 北京 中国建筑工业出版社 1997.05 |
|
| 页数: | 217页 | |
| 开本: | 16开 | |
| 丛书名: | ||
| 单 册: | ||
| 中图分类: | TU-09 | |
| 科图分类: | ||
| 主题词: | 建筑史 | |
| 电子资源: | ||
| ISBN: | 7-112-03113-3 | |
| 000 | 00566nam0 2200193 45 | |
| 001 | 0103141078 | |
| 005 | 20010314104330.7 | |
| 010 | @a7-112-03113-3@dRMB 20.00 | |
| 100 | @a20010314d1997 km y0chiy0120 ea | |
| 101 | 0 | @achi |
| 200 | 1 | @a建筑历史与理论 5@AJian Zhu Li Shi Yu Li Lun 5@f杨鸿勋,刘托主编@FYang Hong Xun,Liu Tuo Zhu Bian |
| 210 | @a北京@c中国建筑工业出版社@d1997.05 | |
| 215 | @a217页@d16开 | |
| 606 | 0 | @a建筑史 |
| 690 | @aTU-09@v3 | |
| 701 | 0 | @a杨鸿勋@4主编 |
| 701 | 0 | @a刘托@4主编 |
| 801 | @aCN@bPftUser@c20010314 | |
| 905 | @b328722-723@dTU-09@eY888@f2 | |
| 建筑历史与理论 5/杨鸿勋,刘托主编.-北京:中国建筑工业出版社,1997.05 |
| 217页;16开 |
| ISBN 7-112-03113-3:RMB 20.00 |
| ● |
| 相关链接 |
|
|
|
正题名:建筑历史与理论 5
索取号:TU-09/Y888
 
预约/预借
| 序号 | 登录号 | 条形码 | 馆藏地/架位号 | 状态 | 备注 |
| 1 | 328722 | 203287228 | 建筑库101/101建筑库 3排4列3层/ [索取号:TU-09/Y888] | 在馆 | |
| 2 | 328723 | 203287237 | 建筑库101/101建筑库 3排4列3层/ [索取号:TU-09/Y888] | 在馆 | |
| 3 | 354088 | 203540882 | 建筑与城市规划学院资料室/101建筑库 101排3列1层/ [索取号:TU-09/Y888] | 在馆 |